Rennes-le-Château - Choix multiples - Statistiques

Statistiques générales
  • Ce quiz a été pris 8 fois
  • Le résultat moyen est 6 sur 10
Statistiques - réponses
Question Réponse % Correct
Laquelle de ces photographies représente la Tour Magdala, construite dans le domaine de Béranger Saunières ?
75%
Quel Président en devenir visita le village à l'improviste à quinze jours de son élection ? François Mitterrand
75%
Qui était Béranger Saunières, l'homme qui aurait trouvé le trésor de Rennes-le-Château ? Un prêtre
75%
En quoi la villa Bethania, construite par Saunières, ainsi que le presbytère de la commune ont-ils été convertis par la mairie en 2000 ? En musée local
63%
Quelle est la particularité du bénitier de l'église Sainte-Marie-Madeleine, source de nombreuses théories au sujet de Saunières et du trésor ? Il est supporté par une statue de diable.
63%
A quel commune voisine plus récente Rennes-le-Château donne-t-elle son nom ? Rennes-les-Bains
63%
A quelle petite région naturelle Rennes appartient-elle et donne-t-elle son nom ? Le Razès
50%
Au cœur de quel massif la commune se situe-t-elle ? Les Corbières
50%
De quelle série culte de jeux vidéo en FMV le troisième opus se déroule-t-il à Rennes-le-Château ? Gabriel Night
38%
Quel journal régional, plus tard repris par plusieurs médias nationaux, relaya en 1956 la légende de Saunières, largement amplifiée par le restaurateur Noël Corbu qui souhaitait lancer son affaire ? La Dépêche du Midi
38%
Aucun quiz correspondant
Distribution des résultats
% des personnes avec chaque résultat
Percentile par nombre de réponses
Votre historique - résultats
Vous n’avez pas pris ce quiz